000 00399nam a2200157 i 4500
001 bg
245 0 _aGospodarka wodna i ściekowa w zakładach przemysłowych :
_bpraca zbiorowa.
260 _aWarszawa,
_c1973.
650 9 _aWoda
_xgospodarka
650 9 _aŚcieki
_xgospodarka
040 _cBPK
041 _apol
080 _a621.1/.3
942 _cKS
008 s pl f |000 0 pol
999 _c4854
_d4854
856 _uhttp://koha.tu.koszalin.pl/cgi-bin/koha/opac-detail.pl?biblionumber=4854
_yKatalog online BPK